Most Populated Urban Areas in Maharashtra - Statistics

General Stats
  • This quiz has been taken 51 times
  • The average score is 7 of 10
Answer Stats
Population (2011) City (Urban Area/Metropolitan Region) % Correct
26,136,721 Mumbai
100%
5,954,344 Nagpur
97%
9,429,408 Pune
97%
6,107,187 Nashik
84%
4,317,756 Solapur
78%
3,701,282 Aurangabad
76%
3,876,001 Kolhapur
73%
4,543,159 Ahmednagar
54%
4,229,917 Jalgaon
43%
3,003,741 Satara
43%
No matching quizzes found
Score Distribution
Percent of People with Each Score
Percentile by Number Answered
Your Score History
You have not taken this quiz